000 00914nam a2200229 a 4500
001 48879
003 BD-RjUL
005 20240919105902.0
008 160816s19961962I |||| |||| 00| 0 ben d
020 _c:TK. 16.00
035 _a(BD-RjUL)48998
040 _aBD-RjUL
_bben
_cBD-RjUL
041 _aben
082 _223
_a891.4409
_bSHM 1996
100 1 _aসেন, শ্রীসুকুমার
_9147229
245 1 0 _aমধ্যযুগের বাংলা ও বাঙালী /
_cশ্রীসুকুমার সেন
260 _aকলিকাতা :
_bবিশ্বভারতী গ্রন্হবিতান,
_c১৯৯৬
300 _a৫২ পৃ ;
_c১৫ সেমি.
650 _aবাংলা সাহিত্য
_9146440
_xইতিহাস ও সমালোচনা
650 _aBengali Literature
_9146441
_xHistory & Criticism
942 _2ddc
_cBK
999 _c48879
_d48879